书目信息 |
| 书名: | Introducing American folk music | |
| 作者: | Kip Lornell. | |
| 分册号: | ||
| 分册名: | 出版地: | Madison : |
|
| 出版社: | Brown & Benchmark | |
| 出版时间: | 1993. | |
| 页数: | 251 p. ; | |
| 开本: | 26cm. | |
| 丛书名: | ||
| 中图分类号: | ||
| 科图分类号: | ||
| 其他分类号: | J658.712 | |
| 主题词: | ||
| 电子资源: | ||
| 000 | 00407nam 2200145 a 4500 | |
| 001 | E0257453387 | |
| 005 | 2002040115573339 | |
| 008 | 020401s1993 00010 eng | |
| 020 | @a0-697-13383-4 :@cRMB 12.00. | |
| 040 | @aPFT@beng | |
| 090 | @aJ658.712 | |
| 099 | @dJ658.712@eL865 | |
| 245 | @aIntroducing American folk music / @cKip Lornell. | |
| 260 | @aMadison :@bBrown & Benchmark,@c1993. | |
| 300 | @a251 p. ;@c26cm. | |
| Introducing American folk music / / Kip Lornell.-Madison : : Brown & Benchmark, , 1993. |
| 251 p. ; ; 26cm. |
| ISBN 0-697-13383-4 :RMB 12.00. |
| ● |
| 相关链接 |
|
|
|
正题名:Introducing American folk music
索取号:J658.712/L865
 
预约/预借
| 序号 | 登录号 | 条形码 | 馆藏地/架位号 | 状态 | 备注 |
| 1 | 02654 | 300026549 | 社科库309/309社科库 995排2列3层/ [索取号:J658.712/L865] | 在馆 | |
| 2 | 02655 | 300026558 | 社科库309/309社科库 992排2列3层/ [索取号:J658.712/L865] | 在馆 | |
| 3 | 02656 | 300026567 | 社科库309/309社科库 992排2列3层/ [索取号:J658.712/L865] | 在馆 | |
| 4 | 02730 | 300027307 | 社科库309/309社科库 992排2列3层/ [索取号:J658.712/L865] | 在馆 | |
| 5 | 02731 | 300027316 | 社科库309/309社科库 992排2列3层/ [索取号:J658.712/L865] | 在馆 |